A climate modelling primer
Includes bibliographical references and index.
Đã lưu trong:
| 主要作者: | |
|---|---|
| 其他作者: | |
| 格式: | 图书 |
| 语言: | Undetermined |
| 出版: |
Chichester, West Sussex
John Wiley & Sons, Ltd
2014
|
| 主题: | |
| 在线阅读: | http://lrc.tdmu.edu.vn/opac/search/detail.asp?aID=2&ID=24593 |
| 标签: |
添加标签
没有标签, 成为第一个标记此记录!
|
| Thư viện lưu trữ: | Trung tâm Học liệu Trường Đại học Thủ Dầu Một |
|---|
| LEADER | 00944nam a2200217Ia 4500 | ||
|---|---|---|---|
| 001 | TDMU_24593 | ||
| 008 | 210410s9999 xx 000 0 und d | ||
| 082 | |a 551.6011 | ||
| 090 | |b MCG 509 | ||
| 100 | |a Kendal McGuffie | ||
| 245 | 2 | |a A climate modelling primer | |
| 245 | 0 | |c Kendal McGuffie, Department of Applied Physics, University of Technology, Sydney, NSW, Australia, Ann Henderson-Sellers, Department of Environment and Geography, Macquarie University, North Ryde, NSW, Australia | |
| 260 | |a Chichester, West Sussex | ||
| 260 | |b John Wiley & Sons, Ltd | ||
| 260 | |c 2014 | ||
| 300 | |a 439 pages | ||
| 520 | |a Includes bibliographical references and index. | ||
| 650 | |a Climatology |x Mathematical models.; Khí hậu học |x Mô hình toán học | ||
| 700 | |a Henderson-Sellers, A | ||
| 856 | |u http://lrc.tdmu.edu.vn/opac/search/detail.asp?aID=2&ID=24593 | ||
| 980 | |a Trung tâm Học liệu Trường Đại học Thủ Dầu Một | ||